000 00293nam a22001337a 4500
008 170726b xxu||||| |||| 00| 0 eng d
020 _a9780471417125
041 _aeng
080 _a004
100 _a30
101 _aSHK
245 _aDECISION TECHNOLOGY
_cLIBERATORE,M.J
942 _2udc
_cBK
999 _c21929
_d21929